easy animals (for kids) - Statistics

General Stats
  • This quiz has been taken 287 times
  • The average score is 6 of 8
Answer Stats
Picture Answer % Correct
lion
100%
pug
79%
tiger
78%
electric eel
77%
swan
76%
owl
73%
humming bird
67%
manta ray
49%
No matching quizzes found
Score Distribution
Percent of People with Each Score
Percentile by Number Answered
Your Score History
You have not taken this quiz